• 首页
  • 本馆介绍
  • 公告通知
  • 最新文献
  • 馆藏检索
  • 电子资源
  • 读者导购
  • 参考咨询
  • 我的图书馆
  • 登录
  • 详细信息显示
  • 放入我的书架
  • 预约/预借图书
  • 作者相关作品
  • 分类相关作品
  • 丛书相关作品
  • 出版社相关作品

书目信息

  • 表格格式
  • 工作单格式
  • 卡片格式
题名:
影视美术设计
    
 
作者: 吕志昌 著
分册:  
出版信息: 北京   北京广播学院出版社  2001
页数: 315页
开本: 20cm
丛书名: 实用影视艺术丛书
单 册:
中图分类: J913
科图分类:
主题词: 电影美术
电子资源:
ISBN: 7-81004-922-4
000 00607nam2 2200217 45
001 0410261104
005 20041026113820.1
010    @a7-81004-922-4@dCNY25.00
100    @a20041026d2001 km y0chiy0120 ea
101 0  @achi
105    @aa z 000yy
200 1  @a影视美术设计@AYing Shi Mei Shu She Ji@f吕志昌著@FLu Zhi Chang Zhu
210    @a北京@c北京广播学院出版社@d2001
215    @a315页@c图@d20cm
225    @a实用影视艺术丛书
410    @12001 @a实用影视艺术丛书
606 0  @a电影美术
690    @aJ913@v4
701  0 @a吕志昌@4著
801    @aCN@bTSTCL@c20041026
905    @b336158-162@dJ913@e97@f5
    
    影视美术设计/吕志昌著.-北京:北京广播学院出版社,2001
    315页:图;20cm.-(实用影视艺术丛书)
    
    
    ISBN 7-81004-922-4:CNY25.00
    
●
相关链接 在E读中查询图书 在五车中查询图书 在当当中查询图书 在豆瓣中查询图书


正题名:影视美术设计     索取号:J913/97         预约/预借

序号 登录号 条形码 馆藏地/架位号 状态 备注
1 0336158   203361584   第一借阅区/ [索取号:J913/97] 在馆    
2 0336159   203361593   第一借阅区/ [索取号:J913/97] 在馆    
3 0336160   203361600   第一借阅区/ [索取号:J913/97] 在馆    
4 0336161   203361619   第一借阅区/ [索取号:J913/97] 在馆    
5 0336162   203361628   第一样本阅览室/ [索取号:J913/97] 在馆    
唐山师范学院图书馆 欢迎您!
大连网信软件有限公司© 版权所有